[Event "Olympiad-37"]
[Site "Turin"]
[Date "2006.05.28"]
[Round "7"]
[White "Mollah Abdullah, Al Rakib"]
[Black "Jiravorasuk, Banjuab"]
[Result "1-0"]
[WhiteElo "2484"]
[BlackElo "2286"]
[PlyCount "83"]
[EventDate "2006.05.21"]
[EventType "team-swiss"]
[EventRounds "13"]
[EventCountry "ITA"]
[SourceTitle "CBM 113"]
[Source "ChessBase"]
[SourceDate "2006.07.31"]
[SourceVersion "1"]
[SourceVersionDate "2006.07.31"]
[SourceQuality "1"]
[WhiteTeam "Bangladesh"]
[BlackTeam "Thailand"]
[WhiteTeamCountry "BAN"]
[BlackTeamCountry "THA"]

1. d4 Nf6 2. c4 g6 3. Nc3 Bg7 4. e4 d6 5. Bd3 0-0 6. Nge2 e5 7. d5 Nh5 8. 0-0 Nd7 9. Be3 f5 10. exf5 gxf5 11. Ng3 Nxg3 12. fxg3 e4 13. Be2 Ne5 14. c5 Bd7 15. Qb3 b6 16. c6 Bc8 17. Rf2 Ng6 18. Raf1 Be5 19. Qd1 a5 20. a4 Qe7 21. Qd2 Bg7 22. Nb5 Rf7 23. Bh5 Qe5 24. g4 f4 25. Bxg6 hxg6 26. Bxf4 Qe7 27. Bg5 Rxf2 28. Rxf2 Qe5 29. Nxc7 Rb8 30. h3 Qg3 31. Qe3 Qe5 32. Kh1 Kh7 33. Bf4 Qe7 34. Nb5 Be5 35. Bxe5 Qxe5 36. Qd4 Qxd4 37. Nxd4 Ba6 38. Rf7+ Kh6 39. Ne6 Rh8 40. g5+ Kh5 41. g3 e3 42. Rf4 1-0

[Event "Olympiad-37"]
[Site "Turin"]
[Date "2006.05.24"]
[Round "4"]
[White "Ismagambetov, Anuar"]
[Black "Jiravorasuk, Banjuab"]
[Result "1-0"]
[WhiteElo "2420"]
[BlackElo "2286"]
[PlyCount "93"]
[EventDate "2006.05.21"]
[EventType "team-swiss"]
[EventRounds "13"]
[EventCountry "ITA"]
[SourceTitle "CBM 113"]
[Source "ChessBase"]
[SourceDate "2006.07.31"]
[SourceVersion "1"]
[SourceVersionDate "2006.07.31"]
[SourceQuality "1"]
[WhiteTeam "Kazakhstan"]
[BlackTeam "Thailand"]
[WhiteTeamCountry "KAZ"]
[BlackTeamCountry "THA"]

1. e4 c5 2. Nf3 d6 3. d4 cxd4 4. Nxd4 Nf6 5. Nc3 a6 6. Bg5 e6 7. f4 Qb6 8. Nb3 Qe3+ 9. Qe2 Qxe2+ 10. Bxe2 Nc6 11. 0-0-0 Be7 12. Bf3 Nd7 13. Bxe7 Kxe7 14. Rhe1 Rd8 15. Rd2 Rb8 16. Kb1 Nc5 17. Nd5+ Kf8 18. Nb6 Nxb3 19. axb3 Ke7 20. Red1 Na7 21. e5 d5 22. c4 Bd7 23. cxd5 exd5 24. Bxd5 Bc6 25. g3 Nc8 26. Nc4 Bxd5 27. Rxd5 Rxd5 28. Rxd5 Na7 29. Nb6 Rd8 30. Rxd8 Kxd8 31. Kc2 Kc7 32. Nc4 Nb5 33. Kd3 b6 34. Ne3 Kc6 35. Nf5 g6 36. Nh6 Kd5 37. Nxf7 Nd4 38. Ng5 h6 39. Nf7 Nxb3 40. Nxh6 Nc5+ 41. Kc2 b5 42. Nf7 b4 43. h4 b3+ 44. Kc3 Ke6 45. Ng5+ Kd5 46. g4 a5 47. h5 1-0

[Event "Olympiad-37"]
[Site "Turin"]
[Date "2006.05.21"]
[Round "1"]
[White "Jiravorasuk, Banjuab"]
[Black "Halkias, Stelios"]
[Result "0-1"]
[WhiteElo "2286"]
[BlackElo "2528"]
[PlyCount "80"]
[EventDate "2006.05.21"]
[EventType "team-swiss"]
[EventRounds "13"]
[EventCountry "ITA"]
[SourceTitle "CBM 113"]
[Source "ChessBase"]
[SourceDate "2006.07.31"]
[SourceVersion "1"]
[SourceVersionDate "2006.07.31"]
[SourceQuality "1"]
[WhiteTeam "Thailand"]
[BlackTeam "Greece"]
[WhiteTeamCountry "THA"]
[BlackTeamCountry "GRE"]

1. d4 Nf6 2. c4 c5 3. Nf3 e6 4. Nc3 cxd4 5. Nxd4 a6 6. b3 Bb4 7. Bd2 0-0 8. g3 Nc6 9. Nc2 Be7 10. Bg2 d5 11. cxd5 exd5 12. 0-0 d4 13. Na4 Bg4 14. Nb2 Re8 15. Nd3 Nd5 16. Bxd5 Qxd5 17. f3 Bf5 18. Nce1 Bd6 19. Ng2 Bxd3 20. exd3 Qf5 21. Bc1 h6 22. a3 Na7 23. Bb2 Nb5 24. Qd2 Rac8 25. b4 Rc6 26. f4 Rec8 27. Ne1 Qd5 28. Qg2 Qb3 29. Rf2 Be7 30. h4 Bxh4 31. Nf3 Bxg3 32. Qxg3 Rg6 33. Ng5 hxg5 34. f5 Rh6 35. Qxg5 Rc2 36. Bxd4 Nxd4 37. Qd8+ Kh7 38. Qxd4 Rxf2 39. Kxf2 Qc2+ 40. Kg1 Rh2 0-1

[Event "Olympiad-36"]
[Site "Mallorca"]
[Date "2004.10.29"]
[Round "14"]
[White "Contreras, Henry"]
[Black "Jiravorasuk, Banjuab"]
[Result "1-0"]
[WhiteElo "2307"]
[BlackElo "2323"]
[PlyCount "83"]
[EventDate "2004.10.15"]
[EventType "team-swiss"]
[EventRounds "14"]
[EventCountry "ESP"]
[SourceTitle "CBM 104"]
[Source "ChessBase"]
[SourceDate "2005.01.27"]
[SourceVersion "1"]
[SourceVersionDate "2005.01.27"]
[SourceQuality "1"]
[WhiteTeam "Columbia"]
[BlackTeam "Thailand"]
[WhiteTeamCountry "COL"]
[BlackTeamCountry "THA"]

1. e4 c5 2. Nf3 d6 3. d4 cxd4 4. Nxd4 Nf6 5. Nc3 a6 6. f3 e6 7. Be3 Nbd7 8. g4 h6 9. Qd2 b5 10. 0-0-0 Bb7 11. Bd3 b4 12. Nce2 e5 13. Nf5 d5 14. g5 hxg5 15. Bxg5 dxe4 16. fxe4 Qc7 17. Neg3 Nc5 18. Bxf6 gxf6 19. Kb1 0-0-0 20. h4 Kb8 21. Qe2 Ka7 22. Bc4 Rc8 23. Bd5 Na4 24. Bb3 Nb6 25. h5 Bc6 26. Ne3 Bb5 27. Qd2 Bh6 28. Ngf5 Rcd8 29. Qxb4 Bxe3 30. Nxe3 Rxd1+ 31. Nxd1 Be2 32. Nc3 Bf3 33. Rh3 Rxh5 34. Rxh5 Bxh5 35. a4 Bg6 36. a5 Nc8 37. Nd5 Qd8 38. Qa4 f5 39. Qc6 Nd6 40. Qc5+ Kb8 41. Nb4 f4 42. Bd5 1-0

[Event "Olympiad-36"]
[Site "Mallorca"]
[Date "2004.10.27"]
[Round "12"]
[White "Jiravorasuk, Banjuab"]
[Black "Mora Manez, Julio"]
[Result "1-0"]
[WhiteElo "2323"]
[BlackElo "2064"]
[PlyCount "79"]
[EventDate "2004.10.15"]
[EventType "team-swiss"]
[EventRounds "14"]
[EventCountry "ESP"]
[SourceTitle "CBM 104"]
[Source "ChessBase"]
[SourceDate "2005.01.27"]
[SourceVersion "1"]
[SourceVersionDate "2005.01.27"]
[SourceQuality "1"]
[WhiteTeam "Thailand"]
[BlackTeam "IBCA"]
[WhiteTeamCountry "THA"]

1. e4 c5 2. Nf3 d6 3. d4 cxd4 4. Nxd4 Nf6 5. Nc3 e6 6. Be3 Be7 7. f3 0-0 8. Qd2 Nc6 9. 0-0-0 d5 10. exd5 Nxd5 11. Nxd5 Qxd5 12. Nxc6 Qxc6 13. Bd4 Qc7 14. Qc3 Qxc3 15. Bxc3 b6 16. Bb5 Bb7 17. Be5 Rfd8 18. c4 Rxd1+ 19. Rxd1 Rd8 20. Rxd8+ Bxd8 21. Bd6 g5 22. b4 Bc8 23. c5 bxc5 24. bxc5 h5 25. Bc6 f5 26. Ba8 Kf7 27. c6 Be7 28. Bc7 Ba6 29. Kc2 Bf1 30. Bb8 Bd8 31. g3 Bg2 32. f4 g4 33. Bxa7 Bc7 34. Bd4 Ke7 35. Kc3 Kd8 36. Kb4 Bd5 37. a4 h4 38. a5 h3 39. Bb7 Bd6+ 40. Kb5 1-0

[Event "Olympiad-36"]
[Site "Mallorca"]
[Date "2004.10.16"]
[Round "2"]
[White "Jiravorasuk, Banjuab"]
[Black "Mukabi, John"]
[Result "1-0"]
[WhiteElo "2323"]
[BlackElo "2105"]
[PlyCount "73"]
[EventDate "2004.10.15"]
[EventType "team-swiss"]
[EventRounds "14"]
[EventCountry "ESP"]
[SourceTitle "CBM 104"]
[Source "ChessBase"]
[SourceDate "2005.01.27"]
[SourceVersion "1"]
[SourceVersionDate "2005.01.27"]
[SourceQuality "1"]
[WhiteTeam "Thailand"]
[BlackTeam "Kenya"]
[WhiteTeamCountry "THA"]
[BlackTeamCountry "KEN"]

1. e4 c5 2. Nf3 Nc6 3. d4 cxd4 4. Nxd4 g6 5. Nc3 Bg7 6. Be3 Nf6 7. Bc4 0-0 8. Bb3 d6 9. f3 Nxd4 10. Bxd4 Be6 11. Qd2 Qa5 12. 0-0-0 Rfc8 13. Kb1 Bxb3 14. cxb3 Rc6 15. a3 b5 16. b4 Qa6 17. Qe2 e5 18. Be3 Rc4 19. Bg5 Qc6 20. Bxf6 Bxf6 21. Nd5 Bd8 22. Ne3 Rd4 23. Rxd4 exd4 24. Rc1 Qd7 25. Nd5 Kg7 26. Qd3 Bb6 27. Nxb6 axb6 28. Qxd4+ Kg8 29. Qxb6 Qe6 30. Qb7 Qe8 31. Rc7 Rb8 32. Qd5 Rb6 33. g4 h6 34. h4 Qf8 35. g5 h5 36. f4 Qe8 37. f5 1-0

[Event "ASEAN IM 3rd"]
[Site "Bangkok"]
[Date "2004.06.29"]
[Round "10"]
[White "Jiravorasuk, Banjuab"]
[Black "Myo, Naing"]
[Result "1/2-1/2"]
[WhiteElo "2312"]
[BlackElo "2425"]
[PlyCount "27"]
[EventDate "2004.06.22"]
[EventType "tourn"]
[EventRounds "10"]
[EventCountry "THA"]
[EventCategory "4"]
[SourceTitle "CBM 101 Extra"]
[Source "ChessBase"]
[SourceDate "2004.09.01"]
[SourceVersion "2"]
[SourceVersionDate "2004.09.01"]
[SourceQuality "1"]

1. e4 c5 2. Nf3 d6 3. d4 cxd4 4. Nxd4 Nf6 5. Nc3 Bd7 6. f3 e5 7. Nb3 Bc6 8. Bg5 Nbd7 9. Qd2 Be7 10. 0-0-0 Rb8 11. Kb1 b5 12. a3 a5 13. Bxf6 Nxf6 14. Na2 1/2-1/2

[Event "SEA Games op 22nd"]
[Site "Ho Chi Minh City"]
[Date "2003.12.12"]
[Round "8"]
[White "Jiravorasuk, Banjuab"]
[Black "Mas, Hafizulhelmi"]
[Result "1/2-1/2"]
[WhiteElo "2276"]
[BlackElo "2397"]
[PlyCount "39"]
[EventDate "2003.12.08"]
[EventType "swiss"]
[EventRounds "9"]
[EventCountry "VIE"]
[SourceTitle "CBM 097 Extra"]
[Source "ChessBase"]
[SourceDate "2004.01.13"]
[SourceVersion "1"]
[SourceVersionDate "2004.01.13"]
[SourceQuality "1"]

1. e4 c5 2. Nf3 d6 3. d4 cxd4 4. Nxd4 Nf6 5. Nc3 a6 6. Be2 e5 7. Nb3 Be7 8. Be3 0-0 9. g4 Be6 10. g5 Ne8 11. Qd2 Nc7 12. Rg1 d5 13. exd5 Nxd5 14. Nxd5 Bxd5 15. 0-0-0 Bc6 16. Qxd8 Bxd8 17. Nd2 Nd7 18. Bf3 Rc8 19. Bxc6 Rxc6 20. Ne4 1/2-1/2

[Event "SEA Games op 22nd"]
[Site "Ho Chi Minh City"]
[Date "2003.12.10"]
[Round "4"]
[White "Jiravorasuk, Banjuab"]
[Black "Chan, Peng Kong"]
[Result "1/2-1/2"]
[WhiteElo "2276"]
[BlackElo "2344"]
[PlyCount "35"]
[EventDate "2003.12.08"]
[EventType "swiss"]
[EventRounds "9"]
[EventCountry "VIE"]
[SourceTitle "CBM 097 Extra"]
[Source "ChessBase"]
[SourceDate "2004.01.13"]
[SourceVersion "1"]
[SourceVersionDate "2004.01.13"]
[SourceQuality "1"]

1. e4 c5 2. Nf3 d6 3. d4 cxd4 4. Nxd4 Nf6 5. Nc3 a6 6. Be2 e6 7. 0-0 Be7 8. f4 0-0 9. Be3 Nc6 10. Qe1 Bd7 11. Qg3 b5 12. e5 dxe5 13. fxe5 Nxd4 14. Bxd4 Bc6 15. Rad1 Ne4 16. Nxe4 Bxe4 17. c3 Qc7 18. Qe3 1/2-1/2

[Event "SEA Games tt 22nd"]
[Site "Ho Chi Minh City"]
[Date "2003.12.07"]
[Round "1"]
[White "Adianto, Utut"]
[Black "Jiravorasuk, Banjuab"]
[Result "1-0"]
[WhiteElo "2581"]
[BlackElo "2276"]
[PlyCount "61"]
[EventDate "2003.12.07"]
[EventType "team"]
[EventRounds "5"]
[EventCountry "VIE"]
[SourceTitle "CBM 097 Extra"]
[Source "ChessBase"]
[SourceDate "2004.01.13"]
[SourceVersion "1"]
[SourceVersionDate "2004.01.13"]
[SourceQuality "1"]

1. d4 Nf6 2. c4 e6 3. Nf3 Bb4+ 4. Nbd2 Ne4 5. a3 Bxd2+ 6. Nxd2 Nxd2 7. Bxd2 0-0 8. e4 d6 9. Bc3 Nc6 10. Be2 e5 11. d5 Ne7 12. c5 f5 13. cxd6 cxd6 14. exf5 Bxf5 15. 0-0 Be4 16. Bc4 Kh8 17. Re1 Bg6 18. Rc1 Nf5 19. Qd2 Nh6 20. h3 Nf5 21. Bf1 a5 22. f4 exf4 23. Qxf4 Qb6+ 24. Kh2 Rae8 25. Re6 Rxe6 26. dxe6 Qe3 27. Qxe3 Nxe3 28. Bb5 Rf2 29. Bd4 Rxg2+ 30. Kh1 Be4 31. Rc8# 1-0

[Event "SEA Games rap 22nd"]
[Site "Ho Chi Minh City"]
[Date "2003.12.05"]
[Round "2.1"]
[White "Jiravorasuk, Banjuab"]
[Black "Tu, Hoang Thong"]
[Result "0-1"]
[WhiteElo "2276"]
[BlackElo "2510"]
[PlyCount "84"]
[EventDate "2003.12.05"]
[EventType "k.o. (rapid)"]
[EventRounds "5"]
[EventCountry "VIE"]
[SourceTitle "CBM 097 Extra"]
[Source "ChessBase"]
[SourceDate "2004.01.13"]
[SourceVersion "1"]
[SourceVersionDate "2004.01.13"]
[SourceQuality "1"]

1. e4 e5 2. Nf3 Nc6 3. d4 exd4 4. Nxd4 Nf6 5. Nxc6 bxc6 6. e5 Qe7 7. Qe2 Nd5 8. c4 Nb6 9. b3 a5 10. Ba3 Qe6 11. Bxf8 Rxf8 12. a4 d6 13. exd6 cxd6 14. Nd2 Qxe2+ 15. Bxe2 Bf5 16. Bf3 Kd7 17. 0-0 Nc8 18. Rfe1 Rb8 19. Re3 Na7 20. Rae1 Rfe8 21. Ne4 Bxe4 22. Bxe4 g6 23. g4 Kc7 24. f4 Re7 25. Kf2 Rbe8 26. f5 Nc8 27. h4 Re5 28. Bc2 Nb6 29. Rxe5 dxe5 30. Re3 Nd7 31. g5 Nc5 32. Kg3 Kd6 33. h5 e4 34. Kf4 Re5 35. hxg6 hxg6 36. Bxe4 Nxe4 37. Rxe4 Rxf5+ 38. Kg4 Rf1 39. Rf4 Rxf4+ 40. Kxf4 c5 41. Ke4 Ke6 42. Kf4 f5 0-1

[Event "Bangkok CC op"]
[Site "Bangkok"]
[Date "2002.12.27"]
[Round "6"]
[White "Jiravorasuk, Banjuab"]
[Black "Boricsev, Oleg"]
[Result "1/2-1/2"]
[WhiteElo "2255"]
[BlackElo "2334"]
[PlyCount "86"]
[EventDate "2002.12.22"]
[EventType "swiss"]
[EventRounds "7"]
[EventCountry "THA"]
[SourceTitle "EXT 2007"]
[Source "ChessBase"]
[SourceDate "2006.11.23"]
[SourceVersion "1"]
[SourceVersionDate "2006.11.23"]
[SourceQuality "1"]

1. d4 g6 2. c4 Bg7 3. Nf3 f5 4. Nc3 c5 5. e3 Nf6 6. Be2 0-0 7. 0-0 d6 8. Qc2 Na6 9. Rd1 Qe8 10. a3 Bd7 11. Rb1 Rc8 12. d5 h6 13. b3 Nc7 14. Re1 b5 15. Bb2 Rb8 16. Ba1 a6 17. Bd3 Ng4 18. Ne2 Bxa1 19. Rxa1 bxc4 20. bxc4 e5 21. dxe6 Nxe6 22. Nc3 Ne5 23. Be2 Bc6 24. Qd2 Nxf3+ 25. Bxf3 Bxf3 26. gxf3 Ng5 27. Kg2 Qe6 28. h4 Nf7 29. Nd5 Ne5 30. Qc2 Rf7 31. Rab1 Rfb7 32. Rxb7 Rxb7 33. f4 Nd7 34. Rb1 Rxb1 35. Qxb1 Qe4+ 36. Qxe4 fxe4 37. f3 exf3+ 38. Kxf3 Kf7 39. Ke4 a5 40. a4 Kf8 41. Kf3 Kf7 42. Kg4 Nf6+ 43. Nxf6 Kxf6 1/2-1/2

[Event "Olympiad-35"]
[Site "Bled"]
[Date "2002.11.07"]
[Round "12.3"]
[White "Jiravorasuk, Banjuab"]
[Black "Jones, Richard S"]
[Result "1/2-1/2"]
[WhiteElo "2255"]
[BlackElo "2063"]
[PlyCount "39"]
[EventDate "2002.10.26"]
[EventType "team-swiss"]
[EventRounds "14"]
[EventCountry "SLO"]
[SourceTitle "EXT 2003"]
[Source "ChessBase"]
[SourceDate "2002.11.25"]
[SourceVersion "1"]
[SourceVersionDate "2002.11.25"]
[SourceQuality "1"]
[WhiteTeam "Thailand"]
[BlackTeam "Wales"]
[WhiteTeamCountry "THA"]
[BlackTeamCountry "WLS"]

1. c4 c6 2. Nf3 d5 3. e3 Nf6 4. d4 Bf5 5. Nc3 e6 6. Bd3 Bg6 7. 0-0 Nbd7 8. Qe2 Ne4 9. Bxe4 dxe4 10. Nd2 Nf6 11. f3 exf3 12. Nxf3 Bb4 13. Bd2 0-0 14. a3 Bxc3 15. Bxc3 Ne4 16. Be1 c5 17. Rd1 Qc7 18. Ne5 Bf5 19. g4 Bg6 20. Rf4 1/2-1/2

[Event "Sea Chess-chT 1st"]
[Site "Kuala Lumpur"]
[Date "2001.09.06"]
[Round "2"]
[White "Nguyen, Anh Dung"]
[Black "Jiravorasuk, Banjuab"]
[Result "1-0"]
[WhiteElo "2533"]
[BlackElo "2269"]
[PlyCount "86"]
[EventDate "2001.09.05"]
[EventType "team"]
[EventRounds "5"]
[EventCountry "MAS"]
[SourceTitle "CBM 084 Extra"]
[Source "ChessBase"]
[SourceDate "2001.10.26"]
[SourceVersion "1"]
[SourceVersionDate "2001.10.26"]
[SourceQuality "1"]

1. d4 Nf6 2. c4 g6 3. Nc3 Bg7 4. e4 0-0 5. Nf3 d6 6. h3 e5 7. d5 Na6 8. Bg5 h6 9. Be3 Nc5 10. Nd2 a5 11. Be2 Bd7 12. 0-0 Nh7 13. Kh1 b6 14. Qc2 Ng5 15. f3 Kh8 16. b3 f5 17. a3 f4 18. Bg1 h5 19. b4 Na6 20. bxa5 bxa5 21. Rab1 c5 22. dxc6 Bxc6 23. Rb6 Qd7 24. Nb3 Rfb8 25. Rxb8+ Nxb8 26. Rd1 a4 27. Nc5 Qe7 28. N5xa4 Nd7 29. Nb5 Ne6 30. Nac3 Nd4 31. Qb2 Nc5 32. Nxd4 exd4 33. Bxd4 Bxd4 34. Rxd4 Qe5 35. Rxd6 Bxe4 36. fxe4 Nxe4 37. Qb7 Ng3+ 38. Kh2 Qxd6 39. Qxa8+ Kg7 40. Qd5 Qxa3 41. Qe5+ Kh7 42. Qc7+ Kh8 43. Qxf4 Nf5 1-0

[Event "ASEAN op 1st"]
[Site "Bandar Seri Begawan"]
[Date "2001.??.??"]
[Round "8"]
[White "Jiravorasuk, Banjuab"]
[Black "Antonio, Rogelio Jr"]
[Result "0-1"]
[WhiteElo "2296"]
[BlackElo "2535"]
[PlyCount "69"]
[EventDate "2001.07.29"]
[EventType "swiss"]
[EventRounds "9"]
[EventCountry "BRN"]
[SourceTitle "EXT 2002"]
[Source "ChessBase"]
[SourceDate "2001.11.25"]
[SourceVersion "1"]
[SourceVersionDate "2001.11.25"]
[SourceQuality "1"]

1. d4 Nf6 2. c4 e6 3. Nf3 c5 4. Nc3 cxd4 5. Nxd4 Nc6 6. g3 Qb6 7. Nb3 Ne5 8. e4 Bb4 9. Qe2 d6 10. f4 Ned7 11. Bg2 0-0 12. Be3 Bxc3+ 13. bxc3 Qc7 14. 0-0 e5 15. f5 b6 16. g4 Ba6 17. Nd2 Rfc8 18. g5 Ne8 19. Qh5 Nf8 20. Rf3 Bxc4 21. Nxc4 Qxc4 22. Rh3 Qxc3 23. Rf1 Qc4 24. f6 g6 25. Qh6 Qxa2 26. Rh4 Rc2 27. Bh3 Rxh2 28. Bf2 Rxh3 29. Rxh3 Rc8 30. Rd3 Qe6 31. Qh4 Rc4 32. Rfd1 h5 33. gxh6 Kh7 34. Ra1 Qd7 35. Rad1 0-1

[Event "Vung Tau zt 3.2a"]
[Site "Vung Tau"]
[Date "2000.05.24"]
[Round "4"]
[White "Lioe, Dede"]
[Black "Jiravorasuk, Banjuab"]
[Result "1-0"]
[WhiteElo "2370"]
[BlackElo "2210"]
[PlyCount "75"]
[EventDate "2000.05.21"]
[EventType "swiss"]
[EventRounds "9"]
[EventCountry "VIE"]
[SourceTitle "CBM 076 Extra"]
[Source "ChessBase"]
[SourceDate "2000.07.11"]
[SourceVersion "1"]
[SourceVersionDate "2000.07.11"]
[SourceQuality "1"]

1. e4 c5 2. Nf3 d6 3. d4 cxd4 4. Nxd4 Nf6 5. Nc3 g6 6. Be3 Bg7 7. f3 0-0 8. Qd2 Nc6 9. 0-0-0 d5 10. Nxc6 bxc6 11. Bc4 Qc7 12. Bb3 dxe4 13. fxe4 Ng4 14. Bf4 Ne5 15. Kb1 Rb8 16. Qf2 Qa5 17. Qg3 Rb7 18. Rhe1 Be6 19. Rd4 Nc4 20. e5 Nxb2 21. Kxb2 c5 22. Ra4 Qc7 23. Ne2 c4 24. Qc3 Rc8 25. Nd4 Bd5 26. Re2 Qd7 27. Qa5 cxb3 28. axb3 Bc4 29. Rd2 Bf1 30. c3 Qg4 31. Nc2 Qe6 32. Rd8+ Bf8 33. Nd4 Qg4 34. g3 g5 35. Bd2 Rxd8 36. Qxd8 h6 37. e6 f6 38. Qe8 1-0

[Event "Vung Tau zt 3.2a"]
[Site "Vung Tau"]
[Date "2000.05.23"]
[Round "3"]
[White "Jiravorasuk, Banjuab"]
[Black "Tran, Ngoc Thach"]
[Result "1-0"]
[WhiteElo "2210"]
[BlackElo "2248"]
[PlyCount "131"]
[EventDate "2000.05.21"]
[EventType "swiss"]
[EventRounds "9"]
[EventCountry "VIE"]
[SourceTitle "CBM 076 Extra"]
[Source "ChessBase"]
[SourceDate "2000.07.11"]
[SourceVersion "1"]
[SourceVersionDate "2000.07.11"]
[SourceQuality "1"]

1. e4 e5 2. Nf3 d6 3. d4 Nf6 4. Nc3 Nbd7 5. Bc4 Be7 6. 0-0 c6 7. a4 Qc7 8. Re1 0-0 9. h3 b6 10. Nh4 g6 11. Bh6 Rd8 12. Nf3 Bb7 13. Ng5 d5 14. Bb3 a6 15. exd5 cxd5 16. Qf3 e4 17. Rxe4 dxe4 18. Nxf7 Rf8 19. Ng5+ Kh8 20. Qe3 Qc6 21. Ne6 Rg8 22. Ng5 Raf8 23. Rd1 Bb4 24. Bxg8 Kxg8 25. Bxf8 Bxf8 26. d5 Qc5 27. Ngxe4 Qxe3 28. Nxf6+ Nxf6 29. fxe3 Kf7 30. Kf2 Bb4 31. Na2 Bd6 32. c4 Be5 33. b3 Bc8 34. Nb4 Ne4+ 35. Kf3 Nc5 36. Nd3 Nxd3 37. Rxd3 Ke7 38. a5 bxa5 39. c5 Bd7 40. c6 Be8 41. Rd2 Kd6 42. e4 g5 43. Ra2 Kc5 44. Rxa5+ Kb6 45. Ra4 Bh5+ 46. g4 Bg6 47. Ke3 Bd6 48. Kd4 a5 49. Rc4 Bg3 50. Rc2 Bd6 51. Kd3 Be5 52. Rf2 Bg7 53. Rf1 Kc7 54. Kc4 Kd6 55. Re1 Be5 56. Re2 Kc7 57. Kb5 Bc3 58. Rc2 Bb4 59. Rc4 Bf7 60. Rxb4 axb4 61. Kxb4 Bg6 62. e5 Be4 63. Kc5 Bg2 64. d6+ Kd8 65. e6 Be4 66. Kd4 1-0

[Event "Olympiad-32"]
[Site "Yerevan"]
[Date "1996.09.30"]
[Round "13.2"]
[White "Jiravorasuk, Banjuab"]
[Black "James, David J"]
[Result "1/2-1/2"]
[WhiteElo "2245"]
[BlackElo "2260"]
[PlyCount "35"]
[EventDate "1996.09.15"]
[EventType "team-swiss"]
[EventRounds "14"]
[EventCountry "ARM"]
[SourceTitle "CBM 055"]
[Source "ChessBase"]
[SourceDate "1996.12.01"]
[SourceVersion "1"]
[SourceVersionDate "1996.12.01"]
[SourceQuality "1"]
[WhiteTeam "Thailand"]
[BlackTeam "Wales"]
[WhiteTeamCountry "THA"]
[BlackTeamCountry "WLS"]

1. e4 c5 2. Nf3 d6 3. d4 cxd4 4. Nxd4 Nf6 5. Nc3 a6 6. Be2 e5 7. Nb3 Be7 8. 0-0 Be6 9. f4 Qc7 10. Kh1 0-0 11. Qe1 b5 12. Bd3 Nbd7 13. Ne2 Rac8 14. Ng3 Rfe8 15. fxe5 Nxe5 16. Nd4 Bc4 17. Ngf5 Bf8 18. Qg3 1/2-1/2

[Event "Olympiad-32"]
[Site "Yerevan"]
[Date "1996.09.28"]
[Round "12.2"]
[White "Berlinsky, Vladimir"]
[Black "Jiravorasuk, Banjuab"]
[Result "1-0"]
[WhiteElo "2255"]
[BlackElo "2245"]
[PlyCount "99"]
[EventDate "1996.09.15"]
[EventType "team-swiss"]
[EventRounds "14"]
[EventCountry "ARM"]
[SourceTitle "CBM 055"]
[Source "ChessBase"]
[SourceDate "1996.12.01"]
[SourceVersion "1"]
[SourceVersionDate "1996.12.01"]
[SourceQuality "1"]
[WhiteTeam "IBCA"]
[BlackTeam "Thailand"]
[BlackTeamCountry "THA"]

1. e4 c5 2. Nf3 d6 3. d4 cxd4 4. Nxd4 Nf6 5. Nc3 g6 6. Bc4 Bg7 7. Be3 0-0 8. f3 Nc6 9. Qd2 Bd7 10. h4 h5 11. 0-0-0 Ne5 12. Bb3 Rc8 13. Bh6 Nc4 14. Bxc4 Rxc4 15. Bxg7 Kxg7 16. Kb1 Rc5 17. Nb3 Rc8 18. Qd4 Be6 19. Qxa7 Nd7 20. Qe3 Ne5 21. Nd5 Rc4 22. Rd4 b5 23. Rxc4 bxc4 24. Nd2 Qa5 25. f4 Bxd5 26. exd5 Ng4 27. Qd4+ Nf6 28. Nxc4 Qxd5 29. Qxd5 Nxd5 30. g3 Rc8 31. Nd2 Ne3 32. Re1 Nf5 33. Nf1 f6 34. a4 e5 35. fxe5 fxe5 36. b3 Kf6 37. Kb2 d5 38. c3 d4 39. c4 Re8 40. Nd2 Nxg3 41. Rg1 Nf5 42. Ne4+ Kg7 43. b4 Ne3 44. c5 Rf8 45. c6 Nd5 46. b5 Rf3 47. Rc1 g5 48. c7 Nxc7 49. Rxc7+ Kg6 50. b6 1-0

[Event "Olympiad-32"]
[Site "Yerevan"]
[Date "1996.09.27"]
[Round "11.2"]
[White "Jiravorasuk, Banjuab"]
[Black "Kaabi, Mejdi"]
[Result "1/2-1/2"]
[WhiteElo "2245"]
[BlackElo "2395"]
[PlyCount "81"]
[EventDate "1996.09.15"]
[EventType "team-swiss"]
[EventRounds "14"]
[EventCountry "ARM"]
[SourceTitle "CBM 055"]
[Source "ChessBase"]
[SourceDate "1996.12.01"]
[SourceVersion "1"]
[SourceVersionDate "1996.12.01"]
[SourceQuality "1"]
[WhiteTeam "Thailand"]
[BlackTeam "Tunisia"]
[WhiteTeamCountry "THA"]
[BlackTeamCountry "TUN"]

1. d4 Nf6 2. c4 g6 3. Nc3 Bg7 4. e4 d6 5. Nf3 0-0 6. Be2 e5 7. 0-0 Nc6 8. d5 Ne7 9. Ne1 Nd7 10. f3 f5 11. Be3 f4 12. Bf2 g5 13. b4 Nf6 14. c5 Ng6 15. Rc1 Rf7 16. cxd6 cxd6 17. a4 h5 18. a5 Bd7 19. Nb5 Bxb5 20. Bxb5 g4 21. Kh1 g3 22. Bg1 gxh2 23. Bf2 a6 24. Ba4 h4 25. Bb6 Qf8 26. Kxh2 Nh5 27. Rg1 Bf6 28. Nd3 Bd8 29. Bxd8 Rxd8 30. Nf2 Qh6 31. Nh3 Nf8 32. Rc4 Rg7 33. Qc2 Qg6 34. Rc7 Nh7 35. Rc8 Rxc8 36. Qxc8+ Nf8 37. Be8 Qg3+ 38. Kh1 Nf6 39. b5 axb5 40. Bxb5 Qg6 41. Kh2 1/2-1/2

[Event "Olympiad-32"]
[Site "Yerevan"]
[Date "1996.09.21"]
[Round "6.2"]
[White "Jiravorasuk, Banjuab"]
[Black "Mohr, Georg"]
[Result "0-1"]
[WhiteElo "2245"]
[BlackElo "2510"]
[PlyCount "92"]
[EventDate "1996.09.15"]
[EventType "team-swiss"]
[EventRounds "14"]
[EventCountry "ARM"]
[SourceTitle "CBM 055"]
[Source "ChessBase"]
[SourceDate "1996.12.01"]
[SourceVersion "1"]
[SourceVersionDate "1996.12.01"]
[SourceQuality "1"]
[WhiteTeam "Thailand"]
[BlackTeam "Slovenia"]
[WhiteTeamCountry "THA"]
[BlackTeamCountry "SLO"]

1. e4 c5 2. Nf3 Nc6 3. d4 cxd4 4. Nxd4 Nf6 5. Nc3 e5 6. Ndb5 d6 7. Bg5 a6 8. Na3 b5 9. Nd5 Be7 10. Bxf6 Bxf6 11. c3 Ne7 12. Nc2 Nxd5 13. Qxd5 Rb8 14. Nb4 0-0 15. Rd1 Bb7 16. Qxd6 Qxd6 17. Rxd6 Be7 18. Rd7 Bxb4 19. cxb4 Bxe4 20. f3 Bf5 21. Rd6 Rbc8 22. Be2 Rfd8 23. Rxd8+ Rxd8 24. Kf2 Rd2 25. Rd1 Rxd1 26. Bxd1 Kf8 27. Ke3 Ke7 28. f4 Kd6 29. g3 Be6 30. a3 Bd5 31. Bg4 Bb7 32. Bf5 h6 33. h4 g6 34. Bc2 Ke6 35. g4 Kd6 36. g5 hxg5 37. hxg5 Bd5 38. Bb1 Bc6 39. Ba2 Bd5 40. Bb1 Ke6 41. Bc2 f5 42. Bd1 Kd6 43. Be2 Bb3 44. Bf3 e4 45. Be2 Kd5 46. Bf1 Bc4 0-1